O lobo em cuecas veste umas calças (Record no. 2035)
[ view plain ]
| 000 -Etiqueta do registo | |
|---|---|
| Valores | 00710nam a2200253 4500 |
| 010 ## - Número ISBN | |
| ISBN | 9789895742516 |
| 021 ## - Número do Depósito Legal | |
| Código do país | Portugal |
| Número | 542253/25 |
| 100 ## - Dados gerais de processamento | |
| Dados gerais | 20260114d2025 cd|y0pory50030103ba |
| 101 ## - Língua de publicação | |
| Língua | Português |
| 102 ## - País de publicação | |
| País | Portugal |
| 200 ## - Titulo e menção de responsabilidade | |
| Título próprio | O lobo em cuecas veste umas calças |
| Primeira menção de responsabilidade | Wilfrid Lupano |
| Outras menções de responsabilidade | il. Mayana Itoïz |
| 205 ## - Menção da edição | |
| Edição | 1ª edição |
| 210 ## - Publicação | |
| Local de publicação | Lisboa |
| Nome do editor | 0A8 |
| Data de publicação | 2025 |
| 215 ## - Descrição física | |
| Paginação / Volumes | 43, [2] p. |
| Outras indicações físicas | il. |
| Dimensões | 30 cm |
| 225 ## - Colecção | |
| Título próprio da colecção | O lobo em cuecas |
| Indicação de volume | 5 |
| 300 ## - Notas gerais | |
| Texto da nota | BMB-Registado |
| 304 ## - Nota relativa ao título | |
| Texto de nota | Tít. orig.: Le loup en slip - Passe un froc |
| 675 ## - CDU | |
| Notação | 087.5 |
| Edição | BMB |
| Língua | por |
| 700 ## - Autor principal (pessoa individual) | |
| Apelido | Lupano |
| Nome | Wilfrid |
| Datas | 1971- |
| ID Autoridade | 2914 |
| 701 ## - Co-autor principal (pessoa individual) | |
| Apelido | Itoïz |
| Nome | Mayana |
| Datas | 1978- |
| Função | Co-autor |
| ID Autoridade | 2915 |
| 801 ## - Fonte de origem | |
| País | PT |
| Agência | BMB |
| Regras de catalogação | RPC |
| 990 ## - Elementos KOHA | |
| Tipo de documento | Livro |
| Situação do levantamento | Estado | Número | Biblioteca de origem | Código de barras | Cota | Permissão de empréstimo | Tipo de documento | Forma de aquisição |
|---|---|---|---|---|---|---|---|---|
| 1 | Biblioteca Municipal de Borba | 1985 | 087.5 LUP / LOB | Livro | Compra |